| 000 | 004710000a22001930004500 | ||
|---|---|---|---|
| 999 |
_c48970 _d48970 |
||
| 001 | 1814 | ||
| 003 | CO-MdFUSB | ||
| 005 | 20180425123404.0 | ||
| 008 | 180425b xxu||||| |||| 00| 0 eng d | ||
| 020 | _a84-8055-057-0 | ||
| 040 | _cCO-MdBIC | ||
| 082 | 0 | 4 | _a505 C89abo |
| 245 | 1 | 0 | _aAtlas de botánica : el mundo de las plantas |
| 250 | _aEdición MMVI | ||
| 260 | _aMadrid : Cultural | ||
| 300 | _a112 P. | ||
| 650 | 1 | 4 | _aBotánica -- Atlas \ Plantas |
| 942 | _cLGB | ||